000 00268nam a22001097a 4500
008 231205b |||||||| |||| 00| 0 eng d
100 _aK.K. Gujral
245 _aRajdhani Law Reporter Vol.13
260 _aDelhi
_bSupreme Court
_c1983
300 _a783
942 _2ddc
_cBK
999 _c20333
_d20333